| 000 | 01168cam a22002894a 4500 | ||
|---|---|---|---|
| 999 |
_c7797 _d7797 |
||
| 001 | 12879394 | ||
| 003 | OSt | ||
| 005 | 20220304155749.0 | ||
| 008 | 020801s2003 njua b 001 0 eng | ||
| 010 | _a 2002070164 | ||
| 020 | _a0130359173 | ||
| 040 |
_aDLC _cDDC _dDLC |
||
| 042 | _apcc | ||
| 050 | 0 | 0 |
_aT57.74 _b.V365 2003 |
| 082 | 0 | 0 | _a519.72.VAS.2003 |
| 100 | 1 |
_aVaserstein, Leonid Nison. _915886 |
|
| 245 | 1 | 0 |
_aIntroduction to linear programming / _cLeonid Nison Vaserstein in collaboration with Christopher Cattelier Byrne. |
| 260 |
_aUpper Saddle River, N.J. : _bPearson Education, _cc2003. |
||
| 300 |
_aix, 321 p. : _bill. ; _c24 cm. |
||
| 504 | _aIncludes bibliographical references (p. 301-304) and index. | ||
| 650 | 0 |
_aLinear programming. _92549 |
|
| 700 | 1 |
_aByrne, Christopher Cattelier, _d1960- _915887 |
|
| 856 | 4 | 1 |
_3Table of contents _uhttp://www.loc.gov/catdir/toc/fy036/2002070164.html |
| 906 |
_a7 _bcbc _corignew _d1 _eocip _f20 _gy-gencatlg |
||
| 942 |
_2ddc _cO_SHELF |
||